| 000 | 00449nam a2200193Ia 4500 | ||
|---|---|---|---|
| 005 | 20250423094952.0 | ||
| 008 | 250422s9999 xx 000 0 und d | ||
| 020 | _a0-13-138087-7 | ||
| 050 | _aLB 2806.15 .W55/ | ||
| 100 | _aWiles, Jon | ||
| 245 | 0 | _aCurriculum development a guide to practice | |
| 250 | _a8th ed. | ||
| 260 | _aNew Jersey | ||
| 260 | _bPearson | ||
| 260 | _c2011 | ||
| 300 | _a354 p | ||
| 650 | _aEducation | ||
| 942 | _cBK | ||
| 999 |
_c28841 _d28841 |
||